000 00295nam a2200133Ia 4500
008 100328s9999 xx 000 0 und d
082 _b64956
100 _aSandford John.
245 _aHidden Prey.
260 _bPocket.
630 _aHidden Prey.
730 _aHidden Prey.
942 _cBOOK
999 _c550706
_d550703